000 00609nam a2200193 a 4500
001 000022888
005 20200930021846.0
008 100511s1975 cu 000 f spa d
040 _aDO-SdBNP
_bspa
_cBNPHU
082 _a892.73
_bN964m
245 0 4 _aLas nuevas mil y una noches /
_cEdición Andrés B. Couselo ; traducción Eugenio Sainz.
260 _aLa Habana :
_bArte y Literatura,
_c1975.
300 _a314 p. ;
_c18 cm.
650 4 _aCuentos arabe
_947044
650 4 _aLiteratura arabe
_914213
700 1 _aSainz, Eugenio,
_etr.
_947045
700 1 _aCouselo, Andrés B.,
_eed.
_947046
049 _aBNGR
999 _c22385
_d22385